Permulaan fajar : (Record no. 53571)

MARC details
000 -LEADER
fixed length control field 00695nam a2200253 i 4500
001 - CONTROL NUMBER
control field C2-0238097
003 - CONTROL NUMBER IDENTIFIER
control field PPAK
005 - DATE AND TIME OF LATEST TRANSACTION
control field 20180727201342.0
008 - FIXED-LENGTH DATA ELEMENTS--GENERAL INFORMATION
fixed length control field 020325s2002 my |||| ||||| | may d
020 ## - INTERNATIONAL STANDARD BOOK NUMBER
International Standard Book Number 9836272607
040 ## - CATALOGING SOURCE
Original cataloging agency PPAK
Language of cataloging eng
Transcribing agency PPAK
Description conventions rda
082 04 - DEWEY DECIMAL CLASSIFICATION NUMBER
Classification number 899.2313
Edition number 23
090 00 - LOCALLY ASSIGNED LC-TYPE CALL NUMBER (OCLC); LOCAL CALL NUMBER (RLIN)
Classification number (OCLC) (R) ; Classification number, CALL (RLIN) (NR) 899.2313
Feature heading KHY
Feature heading G
100 0# - MAIN ENTRY--PERSONAL NAME
Personal name Khyrun Anuar Zainol,
Relator term author
245 10 - TITLE STATEMENT
Title Permulaan fajar :
Remainder of title antologi puisi remaja
264 #1 - PRODUCTION, PUBLICATION, DISTRIBUTION, MANUFACTURE, AND COPYRIGHT NOTICE
Place of production, publication, distribution, manufacture Kuala Lumpur :
Name of producer, publisher, distributor, manufacturer Dewan Bahasa dan Pustaka ,
Date of production, publication, distribution, manufacture, or copyright notice 2002
300 ## - PHYSICAL DESCRIPTION
Extent xviii, 91 pages ;
Dimensions 22 cm
336 ## - CONTENT TYPE
Source rdacontent
Content type term text
337 ## - MEDIA TYPE
Source rdamedia
Media type term unmediated
338 ## - CARRIER TYPE
Source rdacarrier
Carrier type term volume
650 10 - SUBJECT ADDED ENTRY--TOPICAL TERM
Topical term or geographic name entry element Malay poetry
700 ## - ADDED ENTRY--PERSONAL NAME
Relator term author
942 ## - ADDED ENTRY ELEMENTS (KOHA)
-- dc
Koha item type Book
Holdings
Withdrawn Not for loan Current library Shelving location Date acquired Full call number Barcode Date last seen Koha item type Total Checkouts Date last checked out
    Perpustakaan Awam Sungai Petani Pinjaman Dewasa 22/07/2002 899.2313 KHY A01003915 08/05/2018 Book    
    Perpustakaan Baling Pinjaman Dewasa 23/08/2003 899.2313 KHY A00807605 08/05/2018 Book    
    Perpustakaan Jitra Pinjaman Dewasa 22/07/2002 899.2313 KHY A01003916 12/12/2022 Book 1 26/11/2022
    Perpustakaan Kulim Pinjaman Dewasa 22/07/2002 899.2313 KHY A01003918 08/05/2018 Book